[Event "IECG QF.2003.0.00037"]
[Site "IECG email"]
[Date "2003.04.19"]
[Round "1"]
[White "Michos, Dionyssios"]
[Black "Pomeroy, Raymond"]
[Result "1-0"]
[WhiteElo "1034"]
[BlackElo "1000"]
[PlyCount "38"]
[EventDate "2003.04.19"]
[EventType "tourn (corr)"]
[EventRounds "6"]
[SourceTitle "Corr 2008"]
[Source "ChessBase"]
[SourceDate "2008.06.24"]
[SourceVersion "1"]
[SourceVersionDate "2008.06.24"]
[SourceQuality "1"]

1. d4 Nf6 2. Nf3 g6 3. Bg5 Bg7 4. Nbd2 d5 5. c3 0-0 6. e3 Nbd7 7. h3 c5 8. Be2 b6 9. 0-0 Bb7 10. b4 Ne4 11. Bh4 cxd4 12. exd4 g5 13. Bg3 e5 14. Nc4 exd4 15. cxd4 f5 16. Bd6 Rf6 17. Qa4 a6 18. b5 f4 19. Bc7 Qxc7 1-0

[Event "IECG QF.2003.0.00037"]
[Site "IECG email"]
[Date "2003.04.19"]
[Round "1"]
[White "Pomeroy, Raymond"]
[Black "Shah, Sehba"]
[Result "1-0"]
[WhiteElo "1000"]
[BlackElo "930"]
[PlyCount "71"]
[EventDate "2003.04.19"]
[EventType "tourn (corr)"]
[EventRounds "6"]
[SourceTitle "Corr 2008"]
[Source "ChessBase"]
[SourceDate "2008.06.24"]
[SourceVersion "1"]
[SourceVersionDate "2008.06.24"]
[SourceQuality "1"]

1. d4 Nf6 2. c4 e6 3. Nf3 b6 4. Nc3 Bb7 5. a3 d5 6. cxd5 Nxd5 7. e3 Be7 8. Bb5+ c6 9. Bd3 0-0 10. e4 Nxc3 11. bxc3 c5 12. 0-0 Nc6 13. Be3 cxd4 14. cxd4 Kh8 15. Qb1 Qd7 16. Rd1 f5 17. exf5 exf5 18. d5 Na5 19. Bb5 Qd6 20. Bd2 Rab8 21. Bb4 Qf6 22. d6 Bd8 23. Qd3 Be4 24. Qe3 Nb7 25. Qf4 Nc5 26. Rac1 Rc8 27. Bc3 Qg6 28. d7 Rc7 29. Be5 Ne6 30. Qe3 Rxc1 31. Rxc1 Nc5 32. Rd1 Rf7 33. Qg5 Ne6 34. Qxg6 hxg6 35. Bc4 Re7 36. Bd6 1-0